Educación y telemática
Uloženo v:
| Hlavní autor: | |
|---|---|
| Médium: | Kniha |
| Jazyk: | španělština |
| Vydáno: |
Bogotá
Norma
2001
|
| Vydání: | 1a. ed |
| Edice: | Enciclopedia Latinoamericana de Sociocultura y Comunicación
|
| Témata: | |
| Tagy: |
Přidat tag
Žádné tagy, Buďte první, kdo vytvoří štítek k tomuto záznamu!
|
MARC
| LEADER | 00000nam a2200000 a 4500 | ||
|---|---|---|---|
| 001 | UCH1912 | ||
| 003 | CL-VaPUC | ||
| 008 | 090520e20010000CK |||||||||||||||||spa|d | ||
| 020 | |a 9580462399 | ||
| 082 | 0 | 4 | |a 371.334 |b FUE |2 21 |
| 100 | 0 | |a Fuentes Navarro, Raúl |e author |9 536525 | |
| 245 | 1 | 0 | |a Educación y telemática |
| 250 | |a 1a. ed | ||
| 300 | |a 125 p | ||
| 942 | |c BK | ||
| 945 | |d 20090520 00:00:00 |a rbrito | ||
| 260 | |a Bogotá |b Norma |c 2001 | ||
| 650 | 7 | |a ENSEÑANZA CON AYUDA DE COMPUTADORES |2 CL-VaPUC |9 262450 | |
| 650 | 0 | |a Educación tecnológica |9 307597 | |
| 650 | 0 | |a Tecnología educacional |9 307265 | |
| 650 | 0 | |a Medios de comunicación de masas |9 257273 | |
| 650 | 0 | |a Métodos de enseñanza |9 270413 | |
| 583 | |a last modification |c 20170823 11:17:45 |k Rodrigo Vera | ||
| 490 | 0 | |a Enciclopedia Latinoamericana de Sociocultura y Comunicación | |
| 999 | |c 333806 |d 333804 | ||
| 952 | |0 0 |1 0 |4 0 |6 371_334000000000000_FUE_2001 |7 0 |8 A |9 422430 |a BIBEDU |b BIBEDU |d 2019-11-22 |i 4552105 |o 371.334 FUE 2001 |p 4552105 |r 2019-11-22 |w 2019-11-22 |y BK |k EBA | ||